• 首页
  • 本馆介绍
  • 公告通知
  • 最新文献
  • 馆藏检索
  • 电子资源
  • 读者导购
  • 参考咨询
  • 我的图书馆
  • 登录
  • 详细信息显示
  • 放入我的书架
  • 预约/预借图书
  • 作者相关作品
  • 分类相关作品
  • 丛书相关作品
  • 出版社相关作品

书目信息

  • 表格格式
  • 工作单格式
  • 卡片格式
题名:
大地的震撼
    
 
作者: 马泰泉 著
分册:  
出版信息: 北京   作家出版社  2011.4
页数: 278页
开本: 24cm
丛书名:
单 册:
中图分类: I253 , P315.75
科图分类:
主题词: 报告文学--中国--当代 , 地震预报--中国 , 报告文学 , 地震预报
电子资源:
ISBN: 978-7-5063-5798-2
000 00944nam0 2200289 45
001 515
005 20120601102742.56
010    @a978-7-5063-5798-2@dCNY30.00
100    @a20120328d2011 em y0chiy50 ea
101 0  @achi
102    @aCN@b110000
105    @ay z 000yy
106    @ar
200 1  @a大地的震撼@ADa Di De Zhen Han@e揭秘中国地震预报@EJie Mi Zhong Guo Di Zhen Yu Bao@f马泰泉著@FMa Tai Quan Zhu
210    @a北京@c作家出版社@d2011.4
215    @a278页@d24cm
330    @a本书记录了我国多次著名破坏性地震的监测预报、应急救援、社会反应的真实现状,探讨地震研究的难度,解析地震预报的诸多问题。
517 1  @a揭秘中国地震预报@AJie Mi Zhong Guo Di Zhen Yu Bao
606 0  @a报告文学@y中国@z当代
606 0  @a地震预报@y中国
606 0  @a报告文学
606 0  @a地震预报
690    @aI253@v4
690    @aP315.75@v4
701  0 @a马泰泉@AMa Tai Quan@4著
801  0 @aCN@bTSTCL@c20120328
905    @b0811890-94@dI253@e809@f5
    
    大地的震撼:揭秘中国地震预报/马泰泉著.-北京:作家出版社,2011.4
    278页;24cm
    
    
    ISBN 978-7-5063-5798-2:CNY30.00
    本书记录了我国多次著名破坏性地震的监测预报、应急救援、社会反应的真实现状,探讨地震研究的难度,解析地震预报的诸多问题。
●
相关链接 在E读中查询图书 在五车中查询图书 在当当中查询图书 在豆瓣中查询图书


正题名:大地的震撼     索取号:I253/809         预约/预借

序号 登录号 条形码 馆藏地/架位号 状态 备注
1 0811890   208118909   第一样本阅览室/ [索取号:I253/809] 在馆    
2 0811891   208118918   第二借阅区/ [索取号:I253/809] 在馆    
3 0811892   208118927   第二借阅区/ [索取号:I253/809] 在馆    
4 0811893   208118936   第二借阅区/ [索取号:I253/809] 在馆    
5 0811894   208118945   第二借阅区/ [索取号:I253/809] 在馆    
唐山师范学院图书馆 欢迎您!
大连网信软件有限公司© 版权所有